000 00756cam a22002413a 4500
001 32490
003 PGUSA
005 20140828083714.0
008 100523s2010||||xxu|||||s|||||000 | eng d
040 _aPGUSA
_beng
042 _adc
050 4 _aF1201
100 1 _aAbbott, John S. C.
_q(John Stevens Cabot),
_d1805-1877
245 1 0 _aHernando Cortez :
_bMakers of History
_h[electronic resource] /
_cJohn S. C. Abbott
260 _bProject Gutenberg,
_c2010
506 _aPublic domain in the USA.
516 _aElectronic text
653 _aCortés, Hernán, 1485-1547 [Cortes, Cortez]
653 _aMexico -- History -- Conquest, 1519-1540
830 0 _aProject Gutenberg
_v32490
856 4 0 _uhttp://www.gutenberg.org/ebooks/32490
942 _cEB
999 _c261745
_d261745